[Event "FRA-chT3 North 0304"]
[Site "France"]
[Date "2004.04.04"]
[Round "9.2"]
[White "Lecomte, Sam"]
[Black "Hardier, Bertrand"]
[Result "1-0"]
[WhiteElo "2200"]
[BlackElo "2149"]
[PlyCount "67"]
[EventDate "2003.11.??"]
[EventType "team"]
[EventRounds "9"]
[EventCountry "FRA"]
[SourceTitle "EXT 2006"]
[Source "ChessBase"]
[SourceDate "2005.11.24"]
[SourceVersion "1"]
[SourceVersionDate "2005.11.24"]
[SourceQuality "1"]
[WhiteTeam "Aulnoye"]
[BlackTeam "Noyon II"]
[WhiteTeamCountry "FRA"]
[BlackTeamCountry "FRA"]

1. d4 d5 2. Nf3 Nf6 3. c4 c6 4. Nc3 e6 5. e3 Bd6 6. Bd3 Nbd7 7. 0-0 0-0 8. Qc2 dxc4 9. Bxc4 e5 10. Bd2 exd4 11. exd4 Nb6 12. Bd3 Bg4 13. Ne5 Bh5 14. Bg5 Bg6 15. Rad1 Rc8 16. Bxg6 hxg6 17. Rfe1 Qc7 18. Ne4 Nxe4 19. Rxe4 Rfe8 20. Nf3 Rxe4 21. Qxe4 Nd5 22. a3 Bf4 23. Bh4 Nf6 24. Bxf6 gxf6 25. g3 Bd6 26. Re1 Qb6 27. Nh4 Kg7 28. Qg4 Rd8 29. Nf5+ Kg8 30. Nxd6 Rxd6 31. Re8+ Kg7 32. Qh4 g5 33. Qh8+ Kg6 34. g4 1-0

[Event "FRA-chT2 0304"]
[Site "France"]
[Date "2004.03.14"]
[Round "9"]
[White "Hardier, Bertrand"]
[Black "Trommsdorf, Fro"]
[Result "1-0"]
[WhiteElo "2149"]
[BlackElo "2176"]
[PlyCount "65"]
[EventDate "2003.10.??"]
[EventType "team"]
[EventRounds "11"]
[EventCountry "FRA"]
[SourceTitle "EXT 2005"]
[Source "ChessBase"]
[SourceDate "2004.11.15"]
[SourceVersion "1"]
[SourceVersionDate "2004.11.15"]
[SourceQuality "1"]

1. d4 f5 2. Nf3 Nf6 3. g3 g6 4. Bg2 Bg7 5. 0-0 d6 6. Nbd2 c6 7. c3 Na6 8. Qc2 Qc7 9. e4 0-0 10. Nh4 fxe4 11. Nxe4 Nxe4 12. Bxe4 d5 13. Bg2 e5 14. dxe5 Qxe5 15. Be3 Qh5 16. f4 Bf6 17. Nf3 Bh3 18. Bxh3 Qxh3 19. Rae1 Qd7 20. Ne5 Qg7 21. Ng4 Be7 22. Bd4 Bc5 23. Re5 Rae8 24. Rfe1 Bxd4+ 25. cxd4 Nc7 26. R1e3 h5 27. Nf2 Rxe5 28. dxe5 Ne6 29. h4 Qf7 30. Nh3 Qf5 31. Qxf5 gxf5 32. Ng5 Re8 33. Kf2 1-0

[Event "FRA-chT3 North 0304"]
[Site "France"]
[Date "2003.11.16"]
[Round "3.2"]
[White "Hardier, Bertrand"]
[Black "Platel, Alexandre"]
[Result "1/2-1/2"]
[WhiteElo "2149"]
[BlackElo "2088"]
[PlyCount "37"]
[EventDate "2003.11.??"]
[EventType "team"]
[EventRounds "9"]
[EventCountry "FRA"]
[SourceTitle "EXT 2006"]
[Source "ChessBase"]
[SourceDate "2005.11.24"]
[SourceVersion "1"]
[SourceVersionDate "2005.11.24"]
[SourceQuality "1"]
[WhiteTeam "Noyon II"]
[BlackTeam "Cappelle la Grande"]
[WhiteTeamCountry "FRA"]
[BlackTeamCountry "FRA"]

1. d4 d5 2. c4 c6 3. Nf3 Nf6 4. cxd5 cxd5 5. Nc3 a6 6. Bf4 Nc6 7. e3 Bf5 8. Bd3 Bxd3 9. Qxd3 e6 10. 0-0 Bd6 11. Bxd6 Qxd6 12. Rac1 0-0 13. Na4 Qb4 14. Nc5 Na5 15. a3 Qb5 16. Qxb5 axb5 17. Ne5 Nc4 18. Ned7 Nxd7 19. Nxd7 1/2-1/2

[Event "FRA-chT3 Gr8 0203"]
[Site "France"]
[Date "2003.01.19"]
[Round "5"]
[White "Hardier, Bertrand"]
[Black "Bourdeaud'Huy, Thomas"]
[Result "1-0"]
[WhiteElo "2149"]
[BlackElo "2060"]
[PlyCount "119"]
[EventDate "2002.10.??"]
[EventType "team"]
[EventRounds "9"]
[EventCountry "FRA"]
[SourceTitle "EXT 2005"]
[Source "ChessBase"]
[SourceDate "2004.11.15"]
[SourceVersion "1"]
[SourceVersionDate "2004.11.15"]
[SourceQuality "1"]

1. d4 g6 2. e4 Bg7 3. Be3 d6 4. Nc3 c6 5. Qd2 Nf6 6. Be2 Qc7 7. h3 Nbd7 8. f4 e5 9. Nf3 Nh5 10. 0-0-0 Nxf4 11. Bxf4 exf4 12. Qxf4 0-0 13. g4 Nf6 14. Nd2 Be6 15. h4 Ne8 16. Nf3 d5 17. e5 f6 18. Qg3 fxe5 19. dxe5 Nf6 20. Nd4 Rae8 21. h5 Nd7 22. hxg6 hxg6 23. Qh4 Qxe5 24. Qh7+ Kf7 25. Bd3 Qg5+ 26. Kb1 Rh8 27. Rdf1+ Nf6 28. Nf3 Nxh7 29. Nxg5+ Kg8 30. Bxg6 Nxg5 31. Rxh8+ Kxh8 32. Bxe8 Bd4 33. Bh5 Kg7 34. Ne2 Be5 35. Nf4 Bg8 36. Ng6 Bf6 37. Nh4 Ne4 38. Nf5+ Kf8 39. Kc1 Bh7 40. Nd6 Ke7 41. Nxb7 Ng3 42. Re1+ Ne4 43. Nc5 Kd6 44. Nxe4+ Bxe4 45. Rf1 Ke5 46. Be8 c5 47. Bd7 Bg5+ 48. Kd1 Bf4 49. Bf5 Bxf5 50. gxf5 Kxf5 51. Ke2 Ke4 52. Rf3 Bc1 53. Rb3 c4 54. Rb7 a5 55. Rb5 d4 56. Kd1 Be3 57. Rxa5 d3 58. Ra8 Bd4 59. Re8+ Kf3 60. c3 1-0

[Event "FRA-chT3 Gr8 0203"]
[Site "France"]
[Date "2002.12.08"]
[Round "4"]
[White "Mailliez, Sebastien"]
[Black "Hardier, Bertrand"]
[Result "0-1"]
[WhiteElo "2110"]
[BlackElo "2149"]
[PlyCount "134"]
[EventDate "2002.10.??"]
[EventType "team"]
[EventRounds "9"]
[EventCountry "FRA"]
[SourceTitle "EXT 2005"]
[Source "ChessBase"]
[SourceDate "2004.11.15"]
[SourceVersion "1"]
[SourceVersionDate "2004.11.15"]
[SourceQuality "1"]

1. e4 e6 2. d4 d5 3. Nd2 Nf6 4. e5 Nfd7 5. c3 c5 6. f4 Nc6 7. Ngf3 cxd4 8. Nxd4 Nc5 9. Nxc6 bxc6 10. b4 Nd7 11. Nb3 Qb6 12. Qd3 Rb8 13. Qg3 c5 14. Be3 Qc7 15. bxc5 Nxc5 16. Bxc5 Bxc5 17. Qxg7 Rf8 18. Qg3 Ba3 19. Rb1 a5 20. Be2 a4 21. Nd2 Rxb1+ 22. Nxb1 Bc5 23. Nd2 Qb6 24. Qd3 Bd7 25. Nf3 Qb2 26. Qd2 Qb1+ 27. Bd1 Rg8 28. g3 Qe4+ 29. Qe2 Ke7 30. Qxe4 dxe4 31. Nd4 Rb8 32. Rf1 Rb1 33. Rf2 Bb5 34. Rc2 Bd3 35. Rd2 a3 36. Nc6+ Kd7 37. Nd4 Ke7 38. Nc6+ Kd7 39. Nd4 Kc7 40. Kf2 Rc1 41. Kg2 Rxc3 42. Ne2 Be3 43. Nxc3 Bxd2 44. Ne2 Be3 45. Nc3 Bd4 46. Ne2 Bb2 47. Kf2 Bc4 48. Bc2 Bxa2 49. Bxe4 Bd5 50. Bb1 a2 51. Bxa2 Bxa2 52. Ke3 Bc4 53. Ng1 Ba3 54. Kd4 Bd5 55. Nh3 Be7 56. f5 Kc6 57. f6 Bc5+ 58. Kd3 h6 59. Nf4 Bg1 60. h3 Bh2 61. Ne2 Kc5 62. Ke3 Bc4 63. Nc3 Bg1+ 64. Ke4 Bf1 65. Kf4 Bd3 66. g4 Kd4 67. Na4 Be3+ 0-1

[Event "FRA-chT3 Gr8 0102"]
[Site "France"]
[Date "2001.12.09"]
[Round "4"]
[White "Roeder, Mathias"]
[Black "Hardier, Bertrand"]
[Result "1-0"]
[WhiteElo "2460"]
[BlackElo "2106"]
[PlyCount "73"]
[EventDate "2001.10.??"]
[EventType "team"]
[EventRounds "9"]
[EventCountry "FRA"]
[SourceTitle "EXT 2005"]
[Source "ChessBase"]
[SourceDate "2004.11.15"]
[SourceVersion "1"]
[SourceVersionDate "2004.11.15"]
[SourceQuality "1"]

1. d4 d5 2. c4 e6 3. Nf3 Nf6 4. Nc3 c6 5. e3 Bd6 6. Bd3 Nbd7 7. 0-0 0-0 8. e4 dxe4 9. Nxe4 Be7 10. Bf4 Nxe4 11. Bxe4 Nf6 12. Bc2 c5 13. Qd3 cxd4 14. Rad1 Qa5 15. Bg5 Qf5 16. Qxf5 exf5 17. Nxd4 g6 18. Rfe1 Bd8 19. Bh6 Bb6 20. Bxf8 Kxf8 21. b4 a6 22. c5 Bc7 23. Bb3 Bd7 24. Nf3 a5 25. a3 Be8 26. Nd2 Bc6 27. Nc4 axb4 28. axb4 Ne4 29. Rd3 Bf4 30. Red1 Kg7 31. Rd8 Ra7 32. Nd6 Nc3 33. Re1 Ra3 34. Bc4 Ne4 35. b5 Nxd6 36. cxd6 Be4 37. d7 1-0

[Event "FRA-chT U18"]
[Site "France"]
[Date "1996.??.??"]
[Round "?"]
[White "Armengaud, Eric"]
[Black "Hardier, Bertrand"]
[Result "0-1"]
[WhiteElo "2085"]
[BlackElo "1820"]
[PlyCount "132"]
[EventDate "1996.??.??"]
[EventType "team"]
[EventRounds "11"]
[EventCountry "FRA"]
[SourceTitle "EXT 2004"]
[Source "ChessBase"]
[SourceDate "2003.11.25"]
[SourceVersion "1"]
[SourceVersionDate "2003.11.25"]
[SourceQuality "1"]

1. e4 e6 2. d4 d5 3. Nc3 Bb4 4. e5 c5 5. a3 Bxc3+ 6. bxc3 Qc7 7. Qg4 f6 8. Bd3 cxd4 9. Ne2 Nc6 10. Qh5+ Qf7 11. Qxf7+ Kxf7 12. exf6 Nxf6 13. cxd4 e5 14. f3 Re8 15. Bb2 Bd7 16. 0-0-0 Rac8 17. Rhe1 exd4 18. Nxd4 Ne5 19. Bf5 Nc4 20. Bxd7 Nxd7 21. f4 Ne3 22. Rd2 Nc5 23. Kb1 Ne4 24. Rde2 Nc4 25. Nf3 Nxa3+ 26. Kc1 Nc4 27. Ne5+ Nxe5 28. Bxe5 Re6 29. Kb2 Rc5 30. Ra1 a6 31. g4 Nd6 32. Rae1 Nc4+ 33. Kc1 Ra5 34. Bc3 Rxe2 35. Rxe2 Ra3 36. Bd4 Rf3 37. c3 Rxf4 38. h3 b5 39. Bc5 Rf3 40. Re7+ Kg6 41. Bd4 Rf7 42. Re6+ Kg5 43. Rxa6 Kh4 44. Ra8 Rd7 45. Rg8 g6 46. Bf6+ Kxh3 47. g5 Nd6 48. Rb8 Kg4 49. Kc2 Ne4 50. Rxb5 Nxg5 51. Kd3 Ne6 52. Rb6 Nf4+ 53. Kd4 h5 54. Rb4 Kf5 55. Bh4 g5 56. Bf2 h4 57. Ke3 Ng6 58. Kf3 g4+ 59. Kg2 Nf4+ 60. Kf1 Nd3 61. Rd4 Ne5 62. Kg2 Ng6 63. Ra4 Rb7 64. Ra5 Nf4+ 65. Kh2 Rb2 66. Kg1 g3 0-1

[Event "Le Touquet op 09th"]
[Site "Le Touquet"]
[Date "1994.??.??"]
[Round "?"]
[White "Hardier, Bertrand"]
[Black "Benoit, Michel"]
[Result "0-1"]
[WhiteElo "1820"]
[BlackElo "2255"]
[PlyCount "46"]
[EventDate "1994.10.??"]
[EventType "swiss"]
[EventRounds "9"]
[EventCountry "FRA"]
[SourceTitle "EXT 2004"]
[Source "ChessBase"]
[SourceDate "2003.11.25"]
[SourceVersion "1"]
[SourceVersionDate "2003.11.25"]
[SourceQuality "1"]

1. d4 Nf6 2. c4 d6 3. Nc3 Bf5 4. f3 e5 5. e4 exd4 6. Qxd4 Be6 7. Be3 g6 8. Qd2 Nc6 9. Be2 Bg7 10. f4 0-0 11. Nf3 Re8 12. a3 Na5 13. Qc2 Bxc4 14. Bxc4 Nxc4 15. Bc1 Nxe4 16. Nxe4 d5 17. 0-0 dxe4 18. Qxc4 exf3 19. gxf3 Qd4+ 20. Qxd4 Bxd4+ 21. Kh1 Re2 22. Rb1 f5 23. b4 Rae8 0-1